[Event "Moscow Aeroflot op-A"]
[Site "Moscow"]
[Date "2024.03.03"]
[Round "1"]
[White "Kukhmazov, Arsen"]
[Black "Gorbatov, Alexej"]
[Result "1-0"]
[WhiteElo "2498"]
[BlackElo "2345"]
[PlyCount "111"]
[EventDate "2024.03.03"]
[EventType "swiss"]
[EventRounds "9"]
[EventCountry "RUS"]
[SourceTitle "CBM 219 Extra"]
[Source "ChessBase"]
[SourceDate "2024.05.31"]
[SourceVersion "1"]
[SourceVersionDate "2024.05.31"]
[SourceQuality "1"]

1. d4 e6 2. c4 b6 3. g3 Bb7 4. Nf3 Nf6 5. Bg2 Bb4+ 6. Bd2 Be7 7. 0-0 0-0 8. Nc3 d5 9. cxd5 exd5 10. Bf4 Na6 11. Rc1 c5 12. Ne5 Nc7 13. dxc5 bxc5 14. Qa4 Ne6 15. Rfd1 g5 16. Be3 Rb8 17. Nc4 d4 18. Bxb7 Rxb7 19. Nb1 Qd5 20. Qc2 Rd7 21. Bd2 g4 22. Qd3 Qh5 23. a3 Rd5 24. Be1 Ng5 25. Nbd2 Re8 26. f4 gxf3 27. exf3 Nh3+ 28. Kh1 Bf8 29. Qf1 Rf5 30. Qg2 Qh6 31. Nf1 Rxe1 32. Rxe1 Ng4 33. Rc2 Nf6 34. f4 Ng4 35. Rce2 Rh5 36. Ne5 Rxe5 37. fxe5 d3 38. Rd2 c4 39. Qf3 Qg6 40. e6 fxe6 41. Kg2 Bh6 42. Re4 Nf6 43. Rxc4 Bxd2 44. Nxd2 Ng5 45. Rc8+ Kg7 46. Rc7+ Nf7 47. Rxa7 e5 48. Re7 Kg8 49. Re6 Kg7 50. a4 Ng5 51. Qb7+ Kh6 52. Rxe5 Ng4 53. Rb5 Ne3+ 54. Kh1 Nh3 55. Qf3 Qc6 56. Qxc6+ 1-0

[Event "Marianske Lazne IM-B2 19th"]
[Site "Marianske Lazne"]
[Date "2020.01.24"]
[Round "8"]
[White "Hilwerda, Jonas"]
[Black "Gorbatov, Alexej"]
[Result "0-1"]
[WhiteElo "2230"]
[BlackElo "2355"]
[PlyCount "100"]
[EventDate "2020.01.18"]
[EventType "tourn"]
[EventRounds "9"]
[EventCountry "CZE"]
[EventCategory "1"]
[SourceTitle "CBM 194 Extra"]
[Source "ChessBase"]
[SourceDate "2020.03.31"]
[SourceVersion "1"]
[SourceVersionDate "2020.03.31"]
[SourceQuality "1"]

1. e4 c5 2. Nf3 a6 3. c3 d6 4. d4 Nd7 5. Bd3 Qc7 6. a4 b6 7. 0-0 Bb7 8. Re1 e6 9. Nbd2 Ne7 10. Nf1 g6 11. Be3 Bg7 12. Qd2 0-0 13. Bh6 c4 14. Bc2 e5 15. Ng3 Rfe8 16. Nh4 Bh8 17. f4 exd4 18. cxd4 Nc6 19. Nf3 b5 20. Kh1 Qa5 21. Qf2 Qb6 22. Rad1 Nb4 23. axb5 axb5 24. Bb1 Ra1 25. Qd2 Rxb1 26. Rxb1 Nd3 27. e5 dxe5 28. dxe5 Nf2+ 29. Kg1 Ng4+ 30. Qd4 Nxh6 31. Qxb6 Nxb6 32. Nd4 b4 33. Nb5 Rb8 34. Red1 Nd5 35. Rd4 g5 36. fxg5 Bxe5 37. Rxc4 Ba6 38. Rc5 Rxb5 39. Rxb5 Bxb5 40. gxh6 f6 41. Ra1 Bd3 42. Rd1 Bc4 43. Rc1 Nb6 44. b3 Bd5 45. Nf5 Bxb3 46. Rc6 Nd7 47. Rc8+ Kf7 48. Rd8 Be6 49. Ng7 b3 50. Nxe6 Kxe6 0-1

[Event "Marianske Lazne IM-B2 19th"]
[Site "Marianske Lazne"]
[Date "2020.01.18"]
[Round "1"]
[White "Gorbatov, Alexej"]
[Black "Nguyen, Alex Dac Vuong"]
[Result "1-0"]
[WhiteElo "2355"]
[BlackElo "2401"]
[PlyCount "91"]
[EventDate "2020.01.18"]
[EventType "tourn"]
[EventRounds "9"]
[EventCountry "CZE"]
[EventCategory "1"]
[SourceTitle "CBM 194 Extra"]
[Source "ChessBase"]
[SourceDate "2020.03.31"]
[SourceVersion "1"]
[SourceVersionDate "2020.03.31"]
[SourceQuality "1"]

1. Nf3 c5 2. c4 Nf6 3. d4 cxd4 4. Nxd4 e6 5. a3 Be7 6. Nc3 d5 7. Bf4 Nbd7 8. Ndb5 e5 9. cxd5 Bc5 10. Bg3 a6 11. b4 axb5 12. bxc5 Qa5 13. Rc1 Ne4 14. Qb3 Nexc5 15. Qb4 Qxa3 16. Qxa3 Rxa3 17. Nxb5 Rb3 18. e3 f6 19. Bc4 Rb4 20. 0-0 Nb6 21. Be2 Nba4 22. f4 e4 23. f5 Bd7 24. Bh5+ Ke7 25. Bd6+ Kd8 26. Nd4 b6 27. Ne6+ Bxe6 28. dxe6 Rb3 29. Rfd1 Rd3 30. Be2 Rxd6 31. Rxd6+ Ke7 32. Rc6 g6 33. g4 Rg8 34. Kh1 gxf5 35. gxf5 Rg5 36. Rg1 Rxg1+ 37. Kxg1 Nc3 38. Bc4 N5a4 39. Rc7+ Ke8 40. Ra7 Nb2 41. Ba6 Nbd1 42. Bb7 Ke7 43. Bxe4+ Kd6 44. Bf3 Nxe3 45. e7 Nxf5 46. e8Q 1-0

[Event "RUS-ch rapid"]
[Site "Sochi"]
[Date "2019.10.15"]
[Round "4"]
[White "Gorbatov, Alexej"]
[Black "Savchenko, Boris"]
[Result "0-1"]
[WhiteElo "2355"]
[BlackElo "2581"]
[PlyCount "69"]
[EventDate "2019.10.15"]
[EventType "swiss"]
[EventRounds "11"]
[EventCountry "RUS"]
[SourceTitle "CBM 192 Extra"]
[Source "Chessbase"]
[SourceDate "2019.11.06"]
[SourceVersion "1"]
[SourceVersionDate "2019.11.06"]
[SourceQuality "1"]

1. e4 c5 2. Nf3 e6 3. d4 cxd4 4. Nxd4 Nf6 5. Nc3 d6 6. f4 a6 7. Nf3 Qb6 8. Bd3 Nc6 9. Qe2 g6 10. Bd2 Bg7 11. 0-0-0 0-0 12. Rhg1 Nd7 13. g4 Nc5 14. g5 Qc7 15. Kb1 b5 16. Qe3 Na4 17. Nxa4 bxa4 18. Be2 Ne7 19. Bc3 Bxc3 20. Qxc3 Qxc3 21. bxc3 Bb7 22. Rd4 Rfc8 23. Rb4 Bc6 24. Bd3 d5 25. e5 Bb5 26. Bxb5 axb5 27. Nd4 Rxc3 28. Rxb5 Rac8 29. Rg3 R3c4 30. c3 Nf5 31. Nxf5 gxf5 32. Rf3 Rxc3 33. Rxc3 Rxc3 34. Rb4 a3 35. h4 0-1

[Event "San Sebastian Gros op 29th"]
[Site "San Sebastian"]
[Date "2019.06.28"]
[Round "9"]
[White "Gorbatov, Alexej"]
[Black "Safranska, Anda"]
[Result "1-0"]
[WhiteElo "2374"]
[BlackElo "2187"]
[PlyCount "79"]
[EventDate "2019.06.21"]
[EventType "swiss"]
[EventRounds "9"]
[EventCountry "ESP"]
[SourceTitle "EXT 2020"]
[Source "ChessBase"]
[SourceDate "2019.10.17"]
[SourceVersion "1"]
[SourceVersionDate "2019.10.17"]
[SourceQuality "1"]

1. e4 g6 2. d4 Bg7 3. c3 d6 4. h3 Nf6 5. Bd3 e5 6. Nf3 Nc6 7. 0-0 0-0 8. Re1 a6 9. Na3 Re8 10. Nc2 h6 11. a4 b6 12. Ra3 Bb7 13. d5 Ne7 14. c4 a5 15. b4 axb4 16. Nxb4 Nd7 17. Bc2 Rf8 18. g4 Kh8 19. Nh2 Bc8 20. Kh1 Nc5 21. Rg1 Bd7 22. Na2 Ng8 23. Nc3 Bf6 24. Nf3 Bg7 25. Bd2 f5 26. exf5 gxf5 27. g5 Qe8 28. Nh4 Ne7 29. Nb5 Rc8 30. Rag3 f4 31. gxh6 Bf6 32. Rg7 e4 33. Bc3 Bxc3 34. Rxe7 Bxb5 35. cxb5 Qxe7 36. Ng6+ Kh7 37. Nxe7 Rce8 38. Ng6 Rf6 39. Nh4 Rxh6 40. Qg4 1-0

[Event "San Sebastian Gros op 29th"]
[Site "San Sebastian"]
[Date "2019.06.25"]
[Round "6"]
[White "Velten, Paul"]
[Black "Gorbatov, Alexej"]
[Result "1-0"]
[WhiteElo "2515"]
[BlackElo "2374"]
[PlyCount "97"]
[EventDate "2019.06.21"]
[EventType "swiss"]
[EventRounds "9"]
[EventCountry "ESP"]
[SourceTitle "EXT 2020"]
[Source "ChessBase"]
[SourceDate "2019.10.17"]
[SourceVersion "1"]
[SourceVersionDate "2019.10.17"]
[SourceQuality "1"]

1. d4 e6 2. c4 b6 3. Nf3 Bb7 4. g3 Bb4+ 5. Bd2 Be7 6. Bg2 Nf6 7. 0-0 0-0 8. Nc3 d5 9. cxd5 exd5 10. Rc1 Na6 11. Qc2 c5 12. Rfd1 h6 13. Bf4 Qc8 14. Nh4 Rd8 15. Nf5 Bf8 16. Be5 Qe6 17. a3 cxd4 18. Bxd4 Ne4 19. Ne3 Nxc3 20. Bxc3 Nc5 21. Bd4 Rac8 22. b4 Ne4 23. Qb2 Rxc1 24. Rxc1 Rc8 25. Rd1 Nd6 26. Bf3 Nc4 27. Qb3 Nxe3 28. Bxe3 Rd8 29. Bd4 Rc8 30. Bb2 Qf5 31. Rd3 Ba6 32. Rxd5 Qb1+ 33. Rd1 Qc2 34. Qxc2 Rxc2 35. Be5 Bxe2 36. Bxe2 Rxe2 37. Bb8 a6 38. Rd8 Re6 39. Ba7 f5 40. Rb8 b5 41. Bc5 Rf6 42. f4 g5 43. Kf2 gxf4 44. gxf4 Rf7 45. Ke3 Kg7 46. Rxf8 Rxf8 47. Bxf8+ Kxf8 48. Kd4 Kf7 49. Ke5 1-0

[Event "Moscow Aeroflot op-B 18th"]
[Site "Moscow"]
[Date "2019.02.27"]
[Round "9"]
[White "Gorbatov, Alexej"]
[Black "Song, Yuxin"]
[Result "1-0"]
[WhiteElo "2369"]
[BlackElo "2306"]
[PlyCount "81"]
[EventDate "2019.02.20"]
[EventType "swiss"]
[EventRounds "9"]
[EventCountry "RUS"]
[SourceTitle "CBM 189 Extra"]
[Source "ChessBase"]
[SourceDate "2019.05.31"]
[SourceVersion "1"]
[SourceVersionDate "2019.05.31"]
[SourceQuality "1"]

1. e4 c5 2. Nf3 d6 3. d4 cxd4 4. Nxd4 Nf6 5. Nc3 a6 6. f4 e5 7. Nf3 Nbd7 8. Bd3 Be7 9. Qe2 Qc7 10. g4 Nxg4 11. Rg1 Ngf6 12. Rxg7 Bf8 13. Rg2 b5 14. Bd2 Nc5 15. b4 Nxd3+ 16. cxd3 Bb7 17. Rc1 Qe7 18. fxe5 dxe5 19. Rg5 Nd7 20. Rf5 h6 21. Nd5 Bxd5 22. exd5 Bg7 23. Rc6 0-0 24. Bxh6 Qxb4+ 25. Bd2 Qb1+ 26. Rc1 Qxa2 27. Rg5 f6 28. Rxg7+ Kxg7 29. Bh6+ Kxh6 30. Qxa2 Rfe8 31. Qg2 e4 32. Qh3+ Kg6 33. Kf2 e3+ 34. Ke2 Nf8 35. Qg4+ Kf7 36. Rc7+ Re7 37. Qh5+ Ng6 38. d6 Rxc7 39. dxc7 Rh8 40. Qxh8 Nxh8 41. c8Q 1-0

[Event "Moscow Aeroflot op-B 18th"]
[Site "Moscow"]
[Date "2019.02.26"]
[Round "8"]
[White "Cai, Chaoruo"]
[Black "Gorbatov, Alexej"]
[Result "1/2-1/2"]
[WhiteElo "2158"]
[BlackElo "2369"]
[PlyCount "120"]
[EventDate "2019.02.20"]
[EventType "swiss"]
[EventRounds "9"]
[EventCountry "RUS"]
[SourceTitle "CBM 189 Extra"]
[Source "ChessBase"]
[SourceDate "2019.05.31"]
[SourceVersion "1"]
[SourceVersionDate "2019.05.31"]
[SourceQuality "1"]

1. d4 e6 2. c4 b6 3. Nf3 Bb7 4. g3 Nf6 5. Bg2 Be7 6. 0-0 0-0 7. d5 exd5 8. Nh4 c6 9. cxd5 Nxd5 10. Nf5 Nc7 11. e4 d5 12. Nc3 Nba6 13. Qg4 Bf6 14. Bf4 Bc8 15. e5 Bxf5 16. Qxf5 Be7 17. Rad1 Qc8 18. Qh5 Qe6 19. Ne2 c5 20. Nc3 Rad8 21. Rfe1 c4 22. Ne2 Qg6 23. Qxg6 hxg6 24. Nd4 Nb4 25. a3 Nd3 26. Nc6 Rd7 27. Re2 Re8 28. Be3 Ne6 29. Bh3 Bf8 30. f4 Rc7 31. Nd4 Nxd4 32. Bxd4 Bc5 33. Bxc5 Rxc5 34. Bd7 Re7 35. Ba4 Ra5 36. Bc6 Rc5 37. Ba4 a5 38. Rb1 g5 39. Rf1 gxf4 40. gxf4 b5 41. Bd1 b4 42. axb4 axb4 43. Rd2 b3 44. Bxb3 Rb5 45. Bc2 Rxb2 46. Re2 Reb7 47. Bxd3 cxd3 48. Rxb2 Rxb2 49. Rd1 Rb4 50. Rxd3 Rxf4 51. Rxd5 Kf8 52. Kg2 Ke7 53. Kg3 Rf5 54. Kg4 g6 55. Ra5 Ke6 56. Ra6+ Kxe5 57. h4 Rf1 58. Kg5 Rf5+ 59. Kh6 Rf4 60. Kg7 Rxh4 1/2-1/2

[Event "Moscow Aeroflot op-B 18th"]
[Site "Moscow"]
[Date "2019.02.20"]
[Round "1"]
[White "Rakshitta, Ravi"]
[Black "Gorbatov, Alexej"]
[Result "0-1"]
[WhiteElo "2105"]
[BlackElo "2369"]
[PlyCount "146"]
[EventDate "2019.02.20"]
[EventType "swiss"]
[EventRounds "9"]
[EventCountry "RUS"]
[SourceTitle "CBM 189 Extra"]
[Source "ChessBase"]
[SourceDate "2019.05.31"]
[SourceVersion "1"]
[SourceVersionDate "2019.05.31"]
[SourceQuality "1"]

1. e4 c5 2. Nc3 Nc6 3. Nf3 d6 4. d4 cxd4 5. Nxd4 Bd7 6. Be2 e6 7. 0-0 Nf6 8. Be3 Be7 9. Nb3 0-0 10. f4 a5 11. a4 Nb4 12. Bf3 Bc6 13. Nd4 Qc7 14. Rf2 Rfd8 15. f5 e5 16. Ndb5 Qb8 17. Rd2 h6 18. Bb6 Rd7 19. Qe2 Ra6 20. Qf2 Qf8 21. Rad1 d5 22. exd5 Bxb5 23. d6 Rxd6 24. Rxd6 Bxd6 25. Rxd6 Qxd6 26. Bc5 Qd7 27. axb5 Ra8 28. b6 Re8 29. Ne4 Nxe4 30. Bxe4 Nd5 31. Qd2 Nxb6 32. Qxa5 Qd1+ 33. Kf2 Ra8 34. Qc3 Na4 35. Qxe5 Nxc5 36. Qxc5 Rd8 37. Bd3 Re8 38. Qc3 Qc1 39. g3 Qh1 40. h4 Qh2+ 41. Kf3 Qg1 42. Qd2 Qb6 43. b3 Qc6+ 44. Kf2 Qc5+ 45. Kf3 Qd5+ 46. Kf2 Qd4+ 47. Kf3 b6 48. Qf4 Qd5+ 49. Kf2 Qc5+ 50. Kf3 Kf8 51. f6 Qc6+ 52. Kf2 Qxf6 53. Qxf6 gxf6 54. Kf3 Re5 55. Kf4 Ke7 56. Be4 Ke6 57. g4 Ra5 58. c4 Ra1 59. Bd5+ Ke7 60. b4 Rb1 61. b5 Rf1+ 62. Ke4 f5+ 63. gxf5 f6 64. Be6 Kd6 65. Kd4 Rf4+ 66. Ke3 Rxh4 67. Kf3 Kc5 68. Kg3 Rd4 69. Kf3 Rxc4 70. Bxc4 Kxc4 71. Kg4 Kd5 72. Kh5 Ke5 73. Kg6 h5 0-1

[Event "Marianske Lazne IM-B1 18th"]
[Site "Marianske Lazne"]
[Date "2019.01.24"]
[Round "7"]
[White "Gorbatov, Alexej"]
[Black "Jasny, Stanislav"]
[Result "1/2-1/2"]
[WhiteElo "2389"]
[BlackElo "2365"]
[PlyCount "150"]
[EventDate "2019.01.19"]
[EventType "tourn"]
[EventRounds "9"]
[EventCountry "CZE"]
[EventCategory "1"]
[SourceTitle "CBM 188 Extra"]
[Source "ChessBase"]
[SourceDate "2019.02.28"]
[SourceVersion "1"]
[SourceVersionDate "2019.02.28"]
[SourceQuality "1"]

1. e4 c5 2. Nf3 Nc6 3. d4 cxd4 4. Nxd4 Nf6 5. Nc3 d6 6. g3 e6 7. Bg2 Bd7 8. Nde2 a6 9. 0-0 Be7 10. b3 Rc8 11. Bb2 b5 12. a3 Qb6 13. h3 Ne5 14. Qd2 h5 15. Qd4 Qxd4 16. Nxd4 Nc6 17. Nde2 Bd8 18. Rfd1 Ke7 19. Rd2 Bc7 20. f4 Bb6+ 21. Kf1 Rhd8 22. Rad1 Be8 23. Bf3 Ba7 24. b4 Bb8 25. a4 Nd7 26. axb5 axb5 27. Nxb5 Nb6 28. Na3 Nxb4 29. Bxg7 f6 30. f5 Nc6 31. Nf4 Ne5 32. Bxh5 Nbc4 33. Nxc4 Nxc4 34. Bxe8 Nxd2+ 35. Rxd2 Rxe8 36. Nxe6 Rc3 37. Kg2 Kf7 38. Bh6 Rec8 39. Bf4 Rxc2 40. Rxc2 Rxc2+ 41. Kf3 Rc3+ 42. Ke2 Rc2+ 43. Kd3 Rh2 44. h4 Ba7 45. Bxd6 Bf2 46. g4 Rh3+ 47. Ke2 Bxh4 48. Bf4 Ra3 49. g5 Bxg5 50. Nxg5+ fxg5 51. Bxg5 Ra2+ 52. Kf3 Ra3+ 53. Be3 Kf6 54. Kf4 Ra4 55. Bd2 Rc4 56. Ba5 Kf7 57. Bb6 Rb4 58. Bc5 Rc4 59. Bf2 Ra4 60. Be1 Ra1 61. Bd2 Ra2 62. Bc3 Ra3 63. Bd4 Ra4 64. Ke3 Ra3+ 65. Kd2 Rf3 66. Ke2 Rf4 67. Ke3 Rf1 68. Bc3 Ke7 69. Be5 Kf7 70. Bg3 Kf6 71. Bh4+ Ke5 72. Bf2 Kf6 73. Ke2 Rb1 74. Bd4+ Kg5 75. f6 Kg6 1/2-1/2

[Event "Moscow-ch rapid"]
[Site "Moscow"]
[Date "2018.12.08"]
[Round "6"]
[White "Gorbatov, Alexej"]
[Black "Girshgorn, Leonid"]
[Result "1-0"]
[WhiteElo "2389"]
[BlackElo "2038"]
[PlyCount "101"]
[EventDate "2018.12.08"]
[EventType "swiss (rapid)"]
[EventRounds "11"]
[EventCountry "RUS"]
[SourceTitle "CBM 187 Extra"]
[Source "ChessBase"]
[SourceDate "2018.11.04"]
[SourceVersion "1"]
[SourceVersionDate "2018.11.04"]
[SourceQuality "1"]

1. e4 c6 2. Nc3 d5 3. Qf3 dxe4 4. Nxe4 Nf6 5. Nxf6+ exf6 6. Bc4 Bd6 7. Ne2 0-0 8. d4 Re8 9. Be3 Nd7 10. Bd3 Nb6 11. c4 Bb4+ 12. Kf1 Be6 13. b3 a5 14. a3 Bf8 15. a4 Nd7 16. Rd1 g6 17. Nf4 Bg7 18. h4 h5 19. Nxe6 Rxe6 20. Bc2 Re8 21. g3 f5 22. Kg2 Nf6 23. Bg5 Qd6 24. Bf4 Qb4 25. Be5 Rad8 26. Rd3 Ng4 27. Bxg7 Kxg7 28. Rhd1 Re7 29. R3d2 Rde8 30. d5 cxd5 31. cxd5 Qd6 32. Qc3+ Kh7 33. Qd4 Re2 34. Bd3 Rxf2+ 35. Rxf2 Ne3+ 36. Kh3 Nxd1 37. Rf3 Qe5 38. Qxe5 Rxe5 39. Bc4 Re7 40. Bb5 Re5 41. d6 Rd5 42. d7 Kg7 43. Rf1 Ne3 44. Re1 Ng4 45. Re8 Rd2 46. Re2 Rd1 47. Kg2 Nf6 48. Re8 Rd2+ 49. Kf1 Ng4 50. Ke1 Ne5 51. Kxd2 1-0

[Event "RUS-ch blitz"]
[Site "Sochi"]
[Date "2018.10.07"]
[Round "5.32"]
[White "Yuffa, Daniil"]
[Black "Gorbatov, Alexej"]
[Result "1-0"]
[WhiteElo "2563"]
[BlackElo "2389"]
[PlyCount "51"]
[EventDate "2018.10.07"]
[EventType "swiss (blitz)"]
[EventRounds "20"]
[EventCountry "RUS"]
[SourceTitle "CBM 186 Extra"]
[Source "ChessBase"]
[SourceDate "2018.08.24"]
[SourceVersion "1"]
[SourceVersionDate "2018.08.24"]
[SourceQuality "1"]

1. d4 a6 2. g3 c5 3. d5 d6 4. Bg2 g6 5. a4 b6 6. c4 Bg7 7. Nc3 Ra7 8. Nf3 e5 9. 0-0 Re7 10. e4 Bh6 11. Ne1 Bxc1 12. Qxc1 Kf8 13. Nd3 Kg7 14. f4 f6 15. Qd2 Nh6 16. a5 b5 17. cxb5 axb5 18. b4 c4 19. Nf2 Ba6 20. Bh3 Nd7 21. Be6 Nf8 22. f5 Nf7 23. Ng4 g5 24. Qe3 h5 25. Nf2 Nh6 26. Qb6 1-0

[Event "RUS-ch rapid"]
[Site "Sochi"]
[Date "2018.10.06"]
[Round "10.33"]
[White "Gorbatov, Alexej"]
[Black "Oganian, Miran"]
[Result "0-1"]
[WhiteElo "2389"]
[BlackElo "2435"]
[PlyCount "98"]
[EventDate "2018.10.05"]
[EventType "swiss (rapid)"]
[EventRounds "11"]
[EventCountry "RUS"]
[SourceTitle "CBM 186 Extra"]
[Source "ChessBase"]
[SourceDate "2018.08.24"]
[SourceVersion "1"]
[SourceVersionDate "2018.08.24"]
[SourceQuality "1"]

1. e4 c5 2. b3 g6 3. Bb2 Nf6 4. g3 Bg7 5. Bg2 d6 6. Ne2 0-0 7. 0-0 Nc6 8. d4 cxd4 9. Nxd4 Bd7 10. c4 Nxd4 11. Bxd4 b5 12. cxb5 Bxb5 13. Re1 Rc8 14. Qd2 Bc6 15. Nc3 Qa5 16. Rad1 Qa6 17. h3 Rfe8 18. Qb2 Nh5 19. Bxg7 Nxg7 20. Nd5 Qb7 21. h4 Bxd5 22. exd5 Nh5 23. Bh3 Rc5 24. Rd4 Nf6 25. Red1 a5 26. Qd2 Qc7 27. Qf4 Rb8 28. R4d2 Rb4 29. Qh6 Re4 30. Kg2 Re5 31. Qf4 Nxd5 32. Qf3 Nf6 33. Qa8+ Kg7 34. g4 Rc3 35. Rd4 h6 36. Rf4 g5 37. hxg5 hxg5 38. Rfd4 d5 39. R1d3 Rxd3 40. Rxd3 Re4 41. Rf3 Re2 42. Rf5 Re5 43. Rxe5 Qxe5 44. Qxa5 Qe4+ 45. f3 Qe2+ 46. Kg3 e5 47. Qc7 Qe3 48. Bg2 Nxg4 49. Bh3 Qf4+ 0-1

[Event "RUS-ch rapid"]
[Site "Sochi"]
[Date "2018.10.05"]
[Round "5.34"]
[White "Lugovskoy, Maxim"]
[Black "Gorbatov, Alexej"]
[Result "1-0"]
[WhiteElo "2428"]
[BlackElo "2389"]
[PlyCount "151"]
[EventDate "2018.10.05"]
[EventType "swiss (rapid)"]
[EventRounds "11"]
[EventCountry "RUS"]
[SourceTitle "CBM 186 Extra"]
[Source "ChessBase"]
[SourceDate "2018.08.24"]
[SourceVersion "1"]
[SourceVersionDate "2018.08.24"]
[SourceQuality "1"]

1. e4 e5 2. Nf3 Nf6 3. Nc3 Bb4 4. Bc4 d6 5. d3 Be6 6. Bb3 Nbd7 7. 0-0 c6 8. Ne2 Bxb3 9. axb3 d5 10. Ng3 0-0 11. c3 Bd6 12. Re1 Re8 13. b4 a6 14. Bg5 Qc7 15. Qb3 h6 16. Bd2 Bf8 17. Rad1 Rad8 18. Bc1 g6 19. h4 h5 20. Bg5 Bg7 21. c4 d4 22. Nh2 Nf8 23. Ne2 Ne6 24. Bc1 Kh7 25. Rf1 Bh6 26. Bxh6 Kxh6 27. Qc2 Kg7 28. Qc1 Nf4 29. Qd2 Nxe2+ 30. Qxe2 Qe7 31. f4 exf4 32. Rxf4 Nd7 33. Rdf1 Ne5 34. Nf3 Ng4 35. Nh2 Ne5 36. Qf2 Rd7 37. Qg3 Qxb4 38. Rf5 Qd6 39. Rxh5 f6 40. c5 Qe6 41. Rhf5 Kf7 42. Rxf6+ Qxf6 43. Rxf6+ Kxf6 44. Ng4+ Nxg4 45. Qxg4 Re6 46. b4 Kf7 47. Kh2 Ke7 48. Qf4 Rf6 49. Qh6 Ke6 50. Qh8 Rdf7 51. Qc8+ Rd7 52. Qg8+ Rdf7 53. Kg3 Kd7 54. Qb8 Re7 55. Qxb7+ Ke8 56. Qxa6 Kf7 57. Qc4+ Kg7 58. Qxd4 Kf7 59. Qc4+ Kg7 60. Qc3 Kf7 61. b5 cxb5 62. Qb3+ Kg7 63. Qxb5 g5 64. hxg5 Rg6 65. Qb2+ Kf7 66. Kg4 Rc6 67. Qc3 Ree6 68. Kh4 Kg6 69. g4 Re7 70. d4 Rh7+ 71. Kg3 Kxg5 72. Qe3+ Kg6 73. e5 Rhc7 74. e6 Kf6 75. Qe5+ Ke7 76. d5 1-0

[Event "Riga Tech op 8th"]
[Site "Riga"]
[Date "2018.08.10"]
[Round "7"]
[White "Manafov, Vugar Gulam"]
[Black "Gorbatov, Alexej"]
[Result "1/2-1/2"]
[WhiteElo "2215"]
[BlackElo "2389"]
[PlyCount "74"]
[EventDate "2018.08.06"]
[EventType "swiss"]
[EventRounds "9"]
[EventCountry "LAT"]
[SourceTitle "CBM 185 Extra"]
[Source "ChessBase"]
[SourceDate "2018.07.29"]
[SourceVersion "1"]
[SourceVersionDate "2018.07.29"]
[SourceQuality "1"]

1. Nf3 g6 2. g3 Bg7 3. d4 c5 4. d5 d6 5. Bg2 Nf6 6. 0-0 0-0 7. Nc3 e6 8. Nd2 Nbd7 9. Nde4 exd5 10. Nxd6 d4 11. Ncb5 a6 12. Na3 Ra7 13. e3 Ne8 14. Nxc8 Qxc8 15. exd4 cxd4 16. Bf4 b5 17. Bh3 Qc6 18. Rc1 Nc5 19. Bg2 Qb6 20. Qf3 Ne6 21. Bd2 Nd6 22. c3 Rc7 23. cxd4 Nxd4 24. Qd3 Re8 25. Rxc7 Qxc7 26. Kh1 Qb6 27. Bf4 h5 28. Nb1 b4 29. Nd2 Qb5 30. Qxb5 N4xb5 31. Rb1 Be5 32. Bxe5 Rxe5 33. Bf1 Rc5 34. Nb3 Rc2 35. Kg1 Nc4 36. Bxc4 Rxc4 37. Rc1 Rxc1+ 1/2-1/2

[Event "Riga Tech op 8th"]
[Site "Riga"]
[Date "2018.08.08"]
[Round "4"]
[White "Gorbatov, Alexej"]
[Black "Meskovs, Nikita"]
[Result "0-1"]
[WhiteElo "2389"]
[BlackElo "2524"]
[PlyCount "54"]
[EventDate "2018.08.06"]
[EventType "swiss"]
[EventRounds "9"]
[EventCountry "LAT"]
[SourceTitle "CBM 185 Extra"]
[Source "ChessBase"]
[SourceDate "2018.07.29"]
[SourceVersion "1"]
[SourceVersionDate "2018.07.29"]
[SourceQuality "1"]

1. e4 c5 2. Nf3 e6 3. d4 cxd4 4. Nxd4 Nc6 5. Nb5 d6 6. c4 Nf6 7. N5c3 Be7 8. Be2 b6 9. 0-0 Bb7 10. Be3 0-0 11. Nd2 Rc8 12. Qa4 Nd7 13. b4 a6 14. Rac1 Bf6 15. Rfd1 Qe7 16. Nf1 Nce5 17. Qb3 Ng6 18. Ng3 Be5 19. Nh5 Qh4 20. g3 Qh3 21. f4 Nh4 22. Bf1 Nf3+ 23. Kf2 Qxh5 24. fxe5 Qxh2+ 25. Bg2 Nfxe5 26. Bf4 Ng4+ 27. Kf1 e5 0-1